000
00317nam a22001457a 4500
003
SGT
020
_a
9788187496991
082
_a
320
_b
T10P
100
_a
PANITCH, LEO
245
_a
THE CRISIS THIS TIME
260
_a
INDIA
_b
LEFTWORD BOOKS
_c
2010
300
_a
323
650
_a
POLITICAL SCIENCE
942
_2
ddc
_c
BK
999
_c
26318
_d
26318